000 00431pam a2200169a 44500
008 230405s2011 xxu||||| |||| 00| 0 eng d
041 _aENG
100 _aSonawane Jagtrao
245 _aLokpal the rise of Hitller in Parliamentary Democracy
250 _a1st Ed.
260 _aDhule
_bSoonadeepa pub Dhule
_c2011
300 _a222p.
440 _aB.M.S.G.B.Pune
650 _aGENERAL
690 _aFIVEYEAR
906 _a2417
999 _c874028
_d874028